Missing Word: 16th Century A-Z Quiz Stats

Quiz Updated Sep 19, 2016

Challenge
Share
Tweet
Embed
Score 0/26 Timer 04:00
0 Plays Today
Hint Answer % Correct
Romeo and ____ - 1590sJuliet
97.4%
____ Henry VIII of EnglandKing
96.9%
A Midsummer Night's ____ - 1590s playDream
96.5%
Martin ____ - religious reformerLuther
95.3%
Mary, ____ of ScotsQueen
94.5%
____ the Terrible - tsarIvan
94.4%
____ Shakespeare - playwrightWilliam
93.7%
Ottoman ____ - 1299–1923Empire
93.2%
Leonardo da ____ - polymathVinci
91.4%
Spanish ____ - 1588Armada
86.9%
Vasco da ____ - explorerGama
82.9%
Anne ____ - Queen of EnglandBoleyn
79.2%
____ Magellan - explorerFerdinand
77.1%
Hint Answer % Correct
St. Bartholomew's Day ____ - 1572Massacre
75%
Pope Gregory ____XIII
59.5%
Ninety-Five ____ - 1517Theses
53.6%
____ by Thomas More - published 1516Utopia
49.8%
____ Machiavelli - political philosopherNiccolò
39.8%
____ Wolsey - Lord ChancellorCardinal
38.2%
____ the Magnificent - sultanSuleiman
35.2%
____ Sun-sin - admiralYi
29.9%
Erasmus of ____ - humanistRotterdam
25.7%
____ Nobunaga - daimyoOda
13.8%
German ____ War - 1524–1525Peasants'
10.4%
____ Capac - Inca emperorHuayna
8.4%
Treaty of ____ - 1529Zaragoza
8.3%

Today's Daily Dose

Missing Word
The Killers Songs

Word Ladder
1967 Film

Quick Pick
Flag Names

On This Day
February 24th II

You're not logged in!

Compare scores with friends on all Sporcle quizzes.
Sign Up with Email
OR
Log In

You Might Also Like...

Show Comments

Extras

Top Quizzes Today


Score Distribution

Your Account Isn't Verified!

In order to create a playlist on Sporcle, you need to verify the email address you used during registration. Go to your Sporcle Settings to finish the process.